<?xml version="1.0" encoding="UTF-8"?>
<record
    xmlns:xsi="http://www.w3.org/2001/XMLSchema-instance"
    xsi:schemaLocation="http://www.loc.gov/MARC21/slim http://www.loc.gov/standards/marcxml/schema/MARC21slim.xsd"
    xmlns="http://www.loc.gov/MARC21/slim">

  <leader>00454nam a2200169 a 4500</leader>
  <controlfield tag="001">38517</controlfield>
  <controlfield tag="003">BD-RjUL</controlfield>
  <controlfield tag="005">20211209052818.0</controlfield>
  <controlfield tag="008">151222b        uk ||||| |||| 00| 0 eng d</controlfield>
  <datafield tag="035" ind1=" " ind2=" ">
    <subfield code="a">(BD-RjUL)38622</subfield>
  </datafield>
  <datafield tag="040" ind1=" " ind2=" ">
    <subfield code="a">BD-RjUL</subfield>
    <subfield code="b">eng</subfield>
  </datafield>
  <datafield tag="082" ind1=" " ind2=" ">
    <subfield code="2">23</subfield>
    <subfield code="a">072.1</subfield>
    <subfield code="b">SUT</subfield>
  </datafield>
  <datafield tag="245" ind1=" " ind2=" ">
    <subfield code="a">The Sunday Times/</subfield>
    <subfield code="c">Kemsley Newspaper Limited.</subfield>
  </datafield>
  <datafield tag="260" ind1=" " ind2=" ">
    <subfield code="a">London :</subfield>
    <subfield code="b">Kemsley Newspaper Limited,</subfield>
  </datafield>
  <datafield tag="650" ind1=" " ind2=" ">
    <subfield code="a">Daily Newspaper</subfield>
    <subfield code="z">England</subfield>
    <subfield code="9">117777</subfield>
  </datafield>
  <datafield tag="942" ind1=" " ind2=" ">
    <subfield code="2">ddc</subfield>
    <subfield code="c">NP</subfield>
  </datafield>
  <datafield tag="999" ind1=" " ind2=" ">
    <subfield code="c">38517</subfield>
    <subfield code="d">38517</subfield>
  </datafield>
  <datafield tag="952" ind1=" " ind2=" ">
    <subfield code="0">0</subfield>
    <subfield code="1">0</subfield>
    <subfield code="2">ddc</subfield>
    <subfield code="4">0</subfield>
    <subfield code="7">1</subfield>
    <subfield code="a">RUCL</subfield>
    <subfield code="b">RUCL</subfield>
    <subfield code="c">NP</subfield>
    <subfield code="d">2015-12-22</subfield>
    <subfield code="h">V.1, Jan.-June &amp; Nov.-Dec. 1954</subfield>
    <subfield code="l">0</subfield>
    <subfield code="o">P 072.1 SUT V.1 Jan.-June &amp; Nov.-Dec. 1954</subfield>
    <subfield code="r">2015-12-22 00:00:00</subfield>
    <subfield code="t">C.1</subfield>
    <subfield code="w">2015-12-22</subfield>
    <subfield code="y">NP</subfield>
  </datafield>
  <datafield tag="952" ind1=" " ind2=" ">
    <subfield code="0">0</subfield>
    <subfield code="1">0</subfield>
    <subfield code="2">ddc</subfield>
    <subfield code="4">0</subfield>
    <subfield code="7">1</subfield>
    <subfield code="a">RUCL</subfield>
    <subfield code="b">RUCL</subfield>
    <subfield code="c">NP</subfield>
    <subfield code="d">2015-12-22</subfield>
    <subfield code="h">V.1, Jan.-Dec. 1955</subfield>
    <subfield code="l">0</subfield>
    <subfield code="o">P 072.1 SUT V.1 Jan.-Dec. 1955</subfield>
    <subfield code="r">2015-12-22 00:00:00</subfield>
    <subfield code="t">C.1</subfield>
    <subfield code="w">2015-12-22</subfield>
    <subfield code="y">NP</subfield>
  </datafield>
</record>
